| 000 | 00608nam a2200193 a 4500 | ||
|---|---|---|---|
| 001 | 000023393 | ||
| 005 | 20200930022204.0 | ||
| 008 | 101206s1969 mx r 000 0 spa d | ||
| 040 |
_aDO-SdBNP _bspa _cBNPHU |
||
| 082 |
_axxxxx _bP346c |
||
| 100 | 1 |
_aPayot, Julio _948192 |
|
| 245 | 1 | 3 |
_aLa conquista de la felicidad : _bManual de Sabiduría / _cJulio Payot ; edición Alberto Casal Castel. |
| 250 | _a6a ed. | ||
| 260 |
_aMéxico, D. F. : _bDiana, _c1969. |
||
| 300 |
_a286 p. ; _c20 cm. |
||
| 500 | _aIncluye notas al pie de las páginas. | ||
| 700 | 1 |
_aCasal Castel, Alberto, _eed. _948193 |
|
| 049 | _aBNGR | ||
| 999 |
_c22890 _d22890 |
||